Video Games by Picture: H-I - Statistics

General Stats
  • This quiz has been taken 88 times
  • The average score is 11 of 24
Answer Stats
Picture Answer % Correct
Hercules
86%
Hello Neighbor
74%
Hollow Knight
72%
Hitman 2
71%
Ice Age: Scrat's Nutty Adventure
68%
Hot Wheels: Unleashed
60%
Half-Life 2
58%
Horizon Zero Dawn
58%
Human Fall Flat
58%
Halo Infinite
57%
Ice Climber
49%
Injustice: Gods Among Us
49%
It Takes Two
47%
Hearthstone
46%
I Am Bread
42%
House Flipper
39%
Hotline Miami 2
35%
InFamous: Second Son
29%
Heavy Rain
25%
Ico
19%
(The) House of the Dead 2
15%
Indiana Jones and the Last Crusade
10%
Hogs of War
7%
Heart of Darkness
6%
No matching quizzes found
Score Distribution
Percent of People with Each Score
Percentile by Number Answered
Your Score History
You have not taken this quiz